[Event "4NCL"]
[Site "De Vere, Staverton Park, ENG"]
[Date "2011.03.26"]
[Round "7.12"]
[White "Van Weersel, Arlette"]
[Black "Ferguson, Mark"]
[Result "1/2-1/2"]
[WhiteElo "2234"]
[BlackElo "2379"]
[PlyCount "87"]
[EventDate "2011.??.??"]
[WhiteTeam "Cheddleton 1"]
[BlackTeam "Barbican 4NCL 1"]

1. e4 e5 2. Nf3 Nc6 3. Bc4 Bc5 4. c3 Nf6 5. d3 a6 6. Bb3 Ba7 7. Nbd2 O-O 8. h3
d6 9. O-O Be6 10. Re1 Bxb3 11. axb3 d5 12. Qe2 Qd7 13. Nf1 h6 14. Ng3 Rad8 15.
Nd2 dxe4 16. dxe4 Qd3 17. Kf1 Qxe2+ 18. Kxe2 g6 19. b4 h5 20. Nf3 Bb6 21. Bg5
Kg7 22. Red1 Rfe8 23. Nd2 Ba7 24. Nb3 Rxd1 25. Rxd1 Rd8 26. Ra1 Rd7 27. f3 Nd8
28. Be3 Bxe3 29. Kxe3 Ne6 30. Ne2 h4 31. Ra5 Rd1 32. Rxe5 Rb1 33. Nc5 Nxc5 34.
Rxc5 c6 35. Rc4 Rxb2 36. Rd4 g5 37. g3 hxg3 38. Nxg3 Rh2 39. Nf5+ Kg6 40. Rd6
Rxh3 41. Ne7+ Kg7 42. Nf5+ Kg6 43. Ne7+ Kg7 44. Nf5+ 1/2-1/2

[Event "4NCL"]
[Site "De Vere, Staverton Park, ENG"]
[Date "2011.03.26"]
[Round "7.12"]
[White "Lauterbach, Ingrid"]
[Black "McKenna, Jason P"]
[Result "0-1"]
[WhiteElo "2109"]
[BlackElo "2074"]
[PlyCount "56"]
[EventDate "2011.??.??"]
[WhiteTeam "Barbican 4NCL 1"]
[BlackTeam "Cheddleton 1"]

1. e4 g6 2. d4 Bg7 3. Nc3 d6 4. Nge2 Nf6 5. g3 O-O 6. Bg2 Nc6 7. h3 e5 8. Be3
exd4 9. Nxd4 Bd7 10. O-O Re8 11. Nde2 a6 12. Qd2 Ne5 13. b3 Bxh3 14. Bg5 Qd7
15. Rad1 Bxg2 16. Kxg2 b5 17. f3 b4 18. Na4 Nxf3 19. Rxf3 Nxe4 20. Qd5 Nxg5 21.
Rf2 Qh3+ 22. Kg1 Qg4 23. Kf1 Rab8 24. Re1 Rb5 25. Qc6 Rbe5 26. Qxc7 R5e7 27.
Qc6 Ne4 28. Rf4 Nxg3+ 0-1

[Event "4NCL"]
[Site "De Vere, Staverton Park, ENG"]
[Date "2011.03.26"]
[Round "7.13"]
[White "Capucci, Marcos"]
[Black "Greet, Andrew N"]
[Result "0-1"]
[WhiteElo "2229"]
[BlackElo "2451"]
[PlyCount "62"]
[EventDate "2011.??.??"]
[WhiteTeam "Pandora's Box Grantham"]
[BlackTeam "Wood Green Hilsmark 2"]

1. d4 d6 2. Nf3 Bg4 3. e4 Nf6 4. h3 Bh5 5. Nc3 e6 6. Bg5 Be7 7. Be2 O-O $1 8.
O-O $1 d5 9. exd5 Nxd5 10. Bxe7 Nxe7 11. Ne4 Nd7 12. Re1 Nc8 13. c3 Nd6 14. Ng3
Bxf3 15. Bxf3 c5 16. dxc5 Nxc5 17. b4 Na6 18. Qd3 Qb6 19. Rad1 Rfd8 20. Qd4 Nc7
21. Qh4 Nce8 22. Rd4 Nb5 23. Rf4 Rd7 24. c4 Nd4 25. Bxb7 Qxb4 26. Bxa8 Qxe1+
27. Kh2 e5 28. Rg4 Qxf2 29. Be4 g6 30. Nf5 Qxh4 31. Nxh4 Nf6 0-1

[Event "4NCL"]
[Site "De Vere, Staverton Park, ENG"]
[Date "2011.03.26"]
[Round "7.13"]
[White "McDonald, Neil"]
[Black "Burrows, Martin P"]
[Result "1-0"]
[WhiteElo "2460"]
[BlackElo "2168"]
[PlyCount "47"]
[EventDate "2011.??.??"]
[WhiteTeam "Wood Green Hilsmark 2"]
[BlackTeam "Pandora's Box Grantham"]

1. e4 c5 2. Nf3 d6 3. d4 cxd4 4. Nxd4 Nf6 5. Nc3 a6 6. Be3 e5 7. Nf3 Qc7 8. a4
Be6 9. Ng5 Be7 10. Nxe6 fxe6 11. g4 Nc6 12. g5 Nd7 13. h4 Nb4 14. Bh3 d5 15.
exd5 exd5 16. Nxd5 Qc6 17. c4 Rd8 18. Rc1 Nc5 19. O-O Ncd3 20. Rc3 Nxd5 21.
Rxd3 Qxc4 22. Be6 Nxe3 23. Rxd8+ Bxd8 24. Qd7+ 1-0

[Event "4NCL"]
[Site "De Vere, Staverton Park, ENG"]
[Date "2011.03.26"]
[Round "7.13"]
[White "Birtwistle, Nigel"]
[Black "Hanley, Craig A"]
[Result "1/2-1/2"]
[WhiteElo "2229"]
[BlackElo "2433"]
[PlyCount "67"]
[EventDate "2011.??.??"]
[WhiteTeam "Pandora's Box Grantham"]
[BlackTeam "Wood Green Hilsmark 2"]

1. d4 Nf6 2. c4 e6 3. Nf3 Bb4+ 4. Nbd2 b6 5. g3 Ba6 6. Qc2 c5 7. Bg2 Nc6 8.
dxc5 bxc5 9. O-O $1 O-O $1 10. b3 Rc8 11. Bb2 d5 12. Rad1 d4 13. Ne4 Nxe4 14.
Qxe4 Qe7 15. e3 Bb7 16. Qg4 e5 17. Nh4 g6 18. Bd5 Kh8 19. f4 f5 20. Qh3 Kg7 21.
fxe5 Bc3 22. Bxc3 dxc3 23. e6 Rc7 24. Qg2 Nd8 25. Qc2 Nxe6 26. Qxc3+ Kh6 27.
Qe5 Ng5 28. Qxe7 Rxe7 29. Bxb7 Rxb7 30. Rd6 Kh5 31. Ng2 Nh3+ 32. Kh1 Re8 33.
Rd2 Kg4 34. Rd5 1/2-1/2

[Event "4NCL"]
[Site "De Vere, Staverton Park, ENG"]
[Date "2011.03.26"]
[Round "7.13"]
[White "Martin, Andrew D"]
[Black "Cumbers, Paul"]
[Result "1-0"]
[WhiteElo "2406"]
[BlackElo "2214"]
[PlyCount "95"]
[EventDate "2011.??.??"]
[WhiteTeam "Wood Green Hilsmark 2"]
[BlackTeam "Pandora's Box Grantham"]

1. d4 Nf6 2. c4 c5 3. d5 e6 4. Nc3 exd5 5. cxd5 d6 6. e4 g6 7. f3 Bg7 8. Bg5
O-O 9. Qd2 Re8 10. Nge2 a6 11. a4 Nbd7 12. Ng3 h5 13. Be2 Qa5 14. O-O c4 15.
Rfc1 Ne5 16. Nd1 Qxd2 17. Bxd2 h4 18. Nf1 h3 19. Nfe3 hxg2 20. Nxc4 Nxc4 21.
Bxc4 Nh5 22. Kxg2 f5 23. Bd3 Nf6 24. Nf2 Bd7 25. Rc7 Rab8 26. Bf4 Rec8 27. Rac1
Rxc7 28. Rxc7 Bxa4 29. Bxd6 Rd8 30. Be7 Rd7 31. Rc8+ Kh7 32. Bf8 fxe4 33. fxe4
Nh5 34. Nh3 Bxf8 35. Rxf8 Kg7 36. Rf2 Bb3 37. Ng5 Kh6 38. Ne6 g5 39. Be2 Rxd5
40. Bxh5 Kxh5 41. Ng7+ Kg6 42. exd5 Bxd5+ 43. Kg3 Kxg7 44. Rf5 Bb3 45. Rxg5+
Kh6 46. Kf4 Kh7 47. Ke5 Ba4 48. Kd6 1-0

[Event "4NCL"]
[Site "De Vere, Staverton Park, ENG"]
[Date "2011.03.26"]
[Round "7.13"]
[White "Russell, Harry"]
[Black "Broomfield, Matthew P"]
[Result "0-1"]
[WhiteElo "2130"]
[BlackElo "2344"]
[PlyCount "80"]
[EventDate "2011.??.??"]
[WhiteTeam "Pandora's Box Grantham"]
[BlackTeam "Wood Green Hilsmark 2"]

1. Nf3 Nf6 2. g3 b6 3. Bg2 Bb7 4. O-O c5 5. Re1 d5 6. c4 dxc4 7. Na3 g6 8. Nxc4
Bg7 9. d3 O-O 10. Rb1 b5 11. Nce5 Qb6 12. Bg5 h6 13. Bd2 Nc6 14. Qc1 Nxe5 15.
Nxe5 Bxg2 16. Kxg2 g5 17. Kg1 Rac8 18. b3 Rfd8 19. Bc3 Nd5 20. Ba1 f6 21. Nf3
e5 22. Qb2 Rc7 23. a3 Qe6 24. e4 Ne7 25. Red1 Bf8 26. a4 a6 27. axb5 axb5 28.
Qe2 Nc6 29. Bc3 Rcd7 30. Kg2 Ra7 31. Bb2 Ra2 32. d4 exd4 33. Nd2 d3 34. Qh5 Qf7
35. Qg4 c4 36. bxc4 bxc4 37. Bc3 Nd4 38. Bxd4 Rxd4 39. Nf3 Rd8 40. e5 f5 0-1

[Event "4NCL"]
[Site "De Vere, Staverton Park, ENG"]
[Date "2011.03.26"]
[Round "7.13"]
[White "McCarthy, Kevin C"]
[Black "Lindner, Daniel"]
[Result "0-1"]
[WhiteElo "2018"]
[BlackElo "2237"]
[PlyCount "86"]
[EventDate "2011.??.??"]
[WhiteTeam "Pandora's Box Grantham"]
[BlackTeam "Wood Green Hilsmark 2"]

1. c4 Nf6 2. g3 g6 3. Bg2 Bg7 4. Nc3 d6 5. d3 O-O 6. e4 c5 7. Nge2 Nc6 8. O-O
Rb8 9. Rb1 Ne8 10. a3 a5 11. Be3 Nc7 12. Qd2 Ne5 13. Kh1 Bd7 14. b4 axb4 15.
axb4 cxb4 16. Rxb4 b5 17. cxb5 Nxb5 18. Rfb1 Nxc3 19. Rxb8 Nxb1 20. Rxb1 Qc8
21. f3 Qa6 22. Nc1 Bb5 23. d4 Nc4 24. Qf2 Nxe3 25. Qxe3 Rc8 26. h4 Bf1 27. Nb3
Bxg2+ 28. Kxg2 Qa2+ 29. Nd2 Rc2 30. Rd1 Qb2 31. Kh3 Bxd4 32. Qd3 h5 33. Nf1 Bc3
34. g4 hxg4+ 35. Kxg4 Rg2+ 36. Ng3 Qf2 37. f4 Be1 38. Rxe1 Qxe1 39. Kh3 Qg1 40.
e5 dxe5 41. fxe5 Kg7 42. Qc3 Kh6 43. e6 Rxg3+ 0-1

[Event "4NCL"]
[Site "De Vere, Staverton Park, ENG"]
[Date "2011.03.26"]
[Round "7.14"]
[White "Ledger, Andrew J"]
[Black "Jirka, Jiri"]
[Result "1/2-1/2"]
[WhiteElo "2429"]
[BlackElo "2425"]
[PlyCount "60"]
[EventDate "2011.??.??"]
[WhiteTeam "Betsson.com"]
[BlackTeam "The AD's"]

1. c4 e5 2. Nc3 Nc6 3. Nf3 g6 4. d4 exd4 5. Nxd4 Bg7 6. Nxc6 bxc6 7. g3 Ne7 8.
Bg2 O-O 9. O-O Rb8 10. Qc2 c5 11. Rd1 d6 12. b3 Bb7 13. Bb2 Bxg2 14. Kxg2 f5
15. e3 Qe8 16. Rab1 Qc6+ 17. Nd5 Nxd5 18. Rxd5 Bxb2 19. Rxb2 a5 20. Qc3 Rb4 21.
h4 a4 22. h5 Qe8 23. f3 gxh5 24. e4 axb3 25. axb3 Qg6 26. exf5 Rxf5 27. Rxf5
Qxf5 28. Re2 Qf7 29. Re4 Rb8 30. Qe3 Qf5 1/2-1/2

[Event "4NCL"]
[Site "De Vere, Staverton Park, ENG"]
[Date "2011.03.26"]
[Round "7.14"]
[White "Cernousek, Lukas"]
[Black "Hunt, Adam C"]
[Result "1/2-1/2"]
[WhiteElo "2410"]
[BlackElo "2436"]
[PlyCount "148"]
[EventDate "2011.??.??"]
[WhiteTeam "The AD's"]
[BlackTeam "Betsson.com"]

1. d4 Nf6 2. c4 g6 3. g3 Bg7 4. Bg2 d5 5. cxd5 Nxd5 6. Nf3 O-O 7. O-O Nb6 8.
Nc3 Nc6 9. e3 Re8 10. Re1 e5 11. d5 Na5 12. e4 c6 13. b3 cxd5 14. exd5 Bg4 15.
Ba3 e4 16. Nxe4 Qxd5 17. Qxd5 Nxd5 18. Rac1 Nc6 19. Nd6 Rxe1+ 20. Rxe1 Bf8 21.
Nxf7 Bxa3 22. Nh6+ Kg7 23. Nxg4 Nc3 24. Ng5 Nd4 25. Bxb7 Rb8 26. Bg2 Nxa2 27.
Ne6+ Nxe6 28. Rxe6 Bc5 29. Re5 Rc8 30. h4 h5 31. Ne3 Nc3 32. Bh3 Rc7 33. Rg5
Ne4 34. Re5 Nd2 35. Re6 Nxb3 36. Nd5 Rf7 37. Nf4 Rf6 38. Re5 Bd6 39. Ne6+ Kf7
40. Rb5 Nd2 41. Rb7+ Ke8 42. Rxa7 Nf3+ 43. Kg2 Ne1+ 44. Kg1 Nf3+ 45. Kh1 Rf7
46. Ra8+ Ke7 47. Nd8 Rf6 48. Nc6+ Kf7 49. Bg2 Ne5 50. Nd8+ Kg7 51. Ra7+ Kf8 52.
Ra6 Ng4 53. f4 Nf2+ 54. Kg1 Ng4 55. Rc6 Ke8 56. Nb7 Be7 57. Rc8+ Kd7 58. Rc4
Ra6 59. Rc1 Ra3 60. Bc6+ Ke6 61. Re1+ Kf6 62. Kg2 Ne3+ 63. Kh3 Nf5 64. Rg1 Nd4
65. Bd7 Ne2 66. Re1 Nxg3 67. Kg2 Nf5 68. Bxf5 gxf5 69. Re5 Ra7 70. Nc5 Kg6 71.
Re6+ Kg7 72. Re5 Kg6 73. Re6+ Kg7 74. Re5 Kg6 1/2-1/2

[Event "4NCL"]
[Site "De Vere, Staverton Park, ENG"]
[Date "2011.03.26"]
[Round "7.14"]
[White "Ansell, Simon T"]
[Black "Wheeler, Darren P"]
[Result "1-0"]
[WhiteElo "2427"]
[BlackElo "2236"]
[PlyCount "119"]
[EventDate "2011.??.??"]
[WhiteTeam "Betsson.com"]
[BlackTeam "The AD's"]

1. d4 e6 2. c4 Nf6 3. g3 d5 4. Bg2 Be7 5. Nf3 c5 6. cxd5 exd5 7. O-O Nc6 8. Nc3
O-O 9. dxc5 Bxc5 10. Na4 Be7 11. Be3 Bg4 12. Nd4 Qd7 13. Nxc6 bxc6 14. Nc5 Bxc5
15. Bxc5 Rfe8 16. f3 Bh3 17. Rc1 Bxg2 18. Kxg2 Qb7 19. b3 Re6 20. Rc2 Nd7 21.
Bf2 Rae8 22. Re1 h6 23. Kf1 a6 24. Qd3 Ne5 25. Qc3 Ng6 26. Qd4 Re5 27. Kg2 Qb5
28. Qb6 R5e6 29. Qxb5 cxb5 30. Kf1 Ne7 31. Rd1 Nc6 32. Rdc1 Ne7 33. Rd2 g6 34.
g4 Kh7 35. Rc7 Kg8 36. Bc5 Re5 37. Bxe7 R8xe7 38. Rxe7 Rxe7 39. Rxd5 Rc7 40.
Rd6 Rc1+ 41. Kf2 Rh1 42. Kg3 Rg1+ 43. Kh3 Re1 44. e4 a5 45. Ra6 a4 46. bxa4
bxa4 47. Rxa4 g5 48. Rb4 Re2 49. a4 Ra2 50. Kg3 Kg7 51. h4 Kg6 52. Rb6+ Kg7 53.
Ra6 Kh7 54. Ra7 Kg6 55. e5 Re2 56. Re7 Ra2 57. h5+ Kg7 58. e6 Kf6 59. Rxf7+
Kxe6 60. Rh7 1-0

[Event "4NCL"]
[Site "De Vere, Staverton Park, ENG"]
[Date "2011.03.26"]
[Round "7.14"]
[White "Snape, Ian L"]
[Black "Bates, Richard A"]
[Result "1-0"]
[WhiteElo "2241"]
[BlackElo "2383"]
[PlyCount "61"]
[EventDate "2011.??.??"]
[WhiteTeam "The AD's"]
[BlackTeam "Betsson.com"]

1. e4 c5 2. Nf3 d6 3. d4 cxd4 4. Nxd4 Nf6 5. Nc3 a6 6. Bg5 e6 7. f4 Be7 8. Qf3
h6 9. Bh4 Qc7 10. O-O-O Nbd7 11. Be2 Rb8 12. Qg3 O-O 13. Bf3 Nb6 14. e5 dxe5
15. fxe5 Nh7 16. Bxe7 Qxe7 17. h4 Rd8 18. Ne4 Bd7 19. Nd6 Be8 20. Rhf1 Qc7 21.
Bh5 g6 22. Bxg6 fxg6 23. Nxe6 Qc6 24. Nxd8 Rxd8 25. Qb3+ Kg7 26. Nxe8+ Rxe8 27.
Qf7+ Kh8 28. Rd6 Qc8 29. Rxg6 Rg8 30. Rxh6 Rg7 31. Qf8+ 1-0

[Event "4NCL"]
[Site "De Vere, Staverton Park, ENG"]
[Date "2011.03.26"]
[Round "7.14"]
[White "Webb, Laurence E"]
[Black "Anderton, David W"]
[Result "1-0"]
[WhiteElo "2307"]
[BlackElo "2208"]
[PlyCount "77"]
[EventDate "2011.??.??"]
[WhiteTeam "Betsson.com"]
[BlackTeam "The AD's"]

1. e4 e6 2. d4 d5 3. Nc3 Nf6 4. Bg5 Bb4 5. e5 h6 6. Bd2 Bxc3 7. bxc3 Ne4 8. Qg4
g6 9. Bd3 Nxd2 10. Kxd2 c5 11. Nf3 Bd7 12. dxc5 Qe7 13. Rab1 Bc6 14. h4 Nd7 15.
h5 g5 16. Qd4 Qxc5 17. Nh2 Qa5 18. Ng4 O-O-O 19. Rhe1 b6 20. Qb4 Qc5 21. f3 Kb7
22. Rf1 Rdf8 23. Qxc5 Nxc5 24. Ke3 Nd7 25. f4 Rhg8 26. f5 d4+ 27. cxd4 Bxg2 28.
Be4+ Bxe4 29. Kxe4 Rc8 30. Nxh6 Rg7 31. fxe6 fxe6 32. Nf7 Rxc2 33. Nd8+ Ka6 34.
Nxe6 Rh7 35. Rh1 Rg2 36. Kf3 Rxa2 37. Nxg5 Rg7 38. h6 Rxg5 39. h7 1-0

[Event "4NCL"]
[Site "De Vere, Staverton Park, ENG"]
[Date "2011.03.26"]
[Round "7.14"]
[White "Bellin, Jana"]
[Black "Ledger, Dave J"]
[Result "1/2-1/2"]
[WhiteElo "2137"]
[BlackElo "2271"]
[PlyCount "100"]
[EventDate "2011.??.??"]
[WhiteTeam "The AD's"]
[BlackTeam "Betsson.com"]

1. d4 Nf6 2. Nf3 g6 3. c4 Bg7 4. Nc3 O-O 5. Bg5 d6 6. e3 c5 7. Be2 Bf5 8. h3 h6
9. Bh4 g5 10. Bg3 Qb6 11. Qd2 Ne4 12. Nxe4 Bxe4 13. O-O Nc6 14. Rad1 Bxf3 15.
dxc5 dxc5 16. Bxf3 Rad8 17. Qe2 Qxb2 18. Qxb2 Bxb2 19. Bxc6 bxc6 20. Bc7 Rxd1
21. Rxd1 Ra8 22. Rd7 Kf8 23. Ba5 Be5 24. Rb7 h5 25. Kf1 f5 26. Ke2 Kf7 27. Kd3
Ke6 28. Kc2 h4 29. Bc3 Bd6 30. f3 Bg3 31. Kd3 a6 32. Rb6 Kd7 33. Rb7+ Kd6 34.
Ba5 Ke6 35. Rb6 Kd6 36. Rb7 Ke6 37. Rb6 g4 38. f4 gxh3 39. gxh3 Kd6 40. Rb7 Rg8
41. Ke2 Rc8 42. Ra7 e5 43. fxe5+ Bxe5 44. Rxa6 Rg8 45. Ra7 Rg2+ 46. Kd3 Rg3 47.
Rh7 f4 48. Bc7+ Ke6 49. Rh6+ Kd7 50. Rh7+ Ke6 1/2-1/2

[Event "4NCL"]
[Site "De Vere, Staverton Park, ENG"]
[Date "2011.03.26"]
[Round "7.14"]
[White "Ledger, Stephen C"]
[Black "Bellin, Christopher J"]
[Result "1-0"]
[WhiteElo "2060"]
[BlackElo "2045"]
[PlyCount "97"]
[EventDate "2011.??.??"]
[WhiteTeam "Betsson.com"]
[BlackTeam "The AD's"]

1. d4 d5 2. Nf3 Nf6 3. Bf4 c6 4. e3 Bg4 5. Be2 e6 6. Nbd2 Bd6 7. Bg5 Nbd7 8.
O-O Qc7 9. h3 Bf5 10. Nh4 Ne4 11. Nxe4 dxe4 12. Nxf5 exf5 13. f3 h6 14. Bh4 g5
15. Be1 Nf6 16. fxe4 Nxe4 17. Rxf5 O-O-O 18. Bh5 Rhf8 19. Qf3 Ng3 20. Bxg3 Bxg3
21. Rxf7 Rxf7 22. Qxf7 Qxf7 23. Bxf7 Rf8 24. Rf1 Kd8 25. Rf3 Be1 26. Kf1 Bd2
27. Ke2 Bc1 28. b3 Ke7 29. Bh5 Rf6 30. Rxf6 Kxf6 31. c4 Bb2 32. Kf3 c5 33. Ke4
cxd4 34. exd4 Ke6 35. Bg4+ Kd6 36. c5+ Kc6 37. Kd3 Bc1 38. a4 a5 39. Bf3+ Kc7
40. Be4 Ba3 41. Kc4 b6 42. Bf3 bxc5 43. dxc5 Bb4 44. Kd5 Ba3 45. g4 Bb4 46. c6
Bf8 47. Ke6 Bb4 48. Kf7 Bc5 49. Kg7 1-0

[Event "4NCL"]
[Site "De Vere, Staverton Park, ENG"]
[Date "2011.03.26"]
[Round "7.14"]
[White "Pritchard, David J"]
[Black "Yurenok, Maria S"]
[Result "1/2-1/2"]
[WhiteElo "2007"]
[BlackElo "2100"]
[PlyCount "63"]
[EventDate "2011.??.??"]
[WhiteTeam "The AD's"]
[BlackTeam "Betsson.com"]

1. d4 d5 2. Nf3 Nf6 3. e3 Bf5 4. c4 c6 5. Nc3 e6 6. Bd2 h6 7. Rc1 Nbd7 8. cxd5
exd5 9. a3 Bd6 10. b4 O-O 11. Qb3 Qe7 12. Na4 Rac8 13. Bd3 Be4 14. Bxe4 Nxe4
15. Qd3 Ndf6 16. h3 Nh7 17. Bc3 Rfe8 18. Rc2 Nhg5 19. h4 Nxf3+ 20. gxf3 Nxc3
21. Nxc3 a5 22. bxa5 Bxa3 23. Ra2 Bb4 24. Ke2 Ra8 25. a6 bxa6 26. h5 a5 27. Rc1
Qb7 28. Rb1 Rab8 29. Rab2 Qc7 30. Na4 Qb7 31. Nc5 Qb5 32. Nd7 1/2-1/2

[Event "4NCL"]
[Site "De Vere, Staverton Park, ENG"]
[Date "2011.03.26"]
[Round "7.15"]
[White "Gordon, Stephen J"]
[Black "Slavin, Alexei"]
[Result "1-0"]
[WhiteElo "2528"]
[BlackElo "2411"]
[PlyCount "81"]
[EventDate "2011.??.??"]
[WhiteTeam "Wood Green Hilsmark 1"]
[BlackTeam "e2e4.org.uk 1"]

1. d4 Nf6 2. c4 e6 3. Nc3 Bb4 4. Qc2 Nc6 5. Nf3 d6 6. Bd2 O-O 7. a3 Bxc3 8.
Bxc3 Qe7 9. e3 a5 10. b3 e5 11. d5 Nb8 12. Nd2 c6 13. dxc6 bxc6 14. Bd3 d5 15.
O-O Bg4 16. Rfe1 Nbd7 17. b4 Rfc8 18. c5 axb4 19. axb4 Bh5 20. Rxa8 Rxa8 21.
Qb2 Bg6 22. Bf1 h6 23. Ra1 Rb8 24. Ra7 Qe6 25. Nf3 Re8 26. b5 Nxc5 27. Nxe5
cxb5 28. Nxg6 fxg6 29. Qxb5 Nce4 30. Bxf6 Nxf6 31. Qb7 Nh5 32. Be2 Rc8 33. g4
Rc1+ 34. Kg2 Qe4+ 35. Bf3 Rg1+ 36. Kxg1 Qxf3 37. Qc8+ Kh7 38. Ra8 g5 39. gxh5
Qd1+ 40. Kg2 Qxh5 41. Qg8+ 1-0

[Event "4NCL"]
[Site "De Vere, Staverton Park, ENG"]
[Date "2011.03.26"]
[Round "7.15"]
[White "Zhou, Yang-Fan"]
[Black "Pert, Nicholas"]
[Result "1-0"]
[WhiteElo "2323"]
[BlackElo "2570"]
[PlyCount "97"]
[EventDate "2011.??.??"]
[WhiteTeam "e2e4.org.uk 1"]
[BlackTeam "Wood Green Hilsmark 1"]

1. e4 e6 2. d4 d5 3. Nd2 Nf6 4. e5 Nfd7 5. Ngf3 c5 6. c3 Nc6 7. Bd3 g5 8. h3
Be7 9. Nf1 cxd4 10. cxd4 Nf8 11. Ng3 h5 12. Be3 Bd7 13. O-O Nb4 14. Bb1 Bb5 15.
Re1 Nc6 16. a3 Rc8 17. Nh2 h4 18. Nh5 Kd7 19. Qf3 Kc7 20. Qxf7 Kb8 21. Qf3 Nd7
22. Ng7 Qa5 23. Ba2 Nf8 24. b4 Qc7 25. Rec1 Rh7 26. Nxe6 Nxe6 27. Qxd5 Nexd4
28. Bxd4 a6 29. Qe4 Rhh8 30. Bb2 Rcd8 31. Nf3 Rhf8 32. Rd1 Rf4 33. Qe3 Rdf8 34.
Be6 Nd8 35. Bg4 Rxg4 36. hxg4 Ne6 37. Nd4 Nxd4 38. Bxd4 Qc4 39. Rac1 Qe6 40.
Bc5 Ka8 41. Bxe7 Qxe7 42. Qc5 Qg7 43. e6 Re8 44. e7 Qxe7 45. Qxe7 Rxe7 46. Rd5
Ka7 47. Rxg5 Rd7 48. f4 Rd2 49. Rxb5 1-0

[Event "4NCL"]
[Site "De Vere, Staverton Park, ENG"]
[Date "2011.03.26"]
[Round "7.15"]
[White "Lalic, Bogdan"]
[Black "Arutyunova, Diana"]
[Result "1-0"]
[WhiteElo "2474"]
[BlackElo "2304"]
[PlyCount "49"]
[EventDate "2011.??.??"]
[WhiteTeam "Wood Green Hilsmark 1"]
[BlackTeam "e2e4.org.uk 1"]

1. d4 e6 2. c4 f5 3. g3 Nf6 4. Bg2 d6 5. Nf3 Be7 6. O-O O-O 7. Nc3 Ne4 8. Nxe4
fxe4 9. Nd2 d5 10. f3 c5 11. fxe4 dxe4 12. dxc5 Qd4+ 13. Kh1 Na6 14. Nxe4 Rxf1+
15. Qxf1 Bd7 16. Bg5 Bxg5 17. Nxg5 Rf8 18. Qd1 Qxb2 19. Rb1 Qxa2 20. c6 Bxc6
21. Bxc6 bxc6 22. Qd3 g6 23. Nxe6 Ra8 24. Rf1 Qb2 25. Qf3 1-0

[Event "4NCL"]
[Site "De Vere, Staverton Park, ENG"]
[Date "2011.03.26"]
[Round "7.15"]
[White "Arakhamia-Grant, Ketevan E"]
[Black "Mladenov, Ilian"]
[Result "1-0"]
[WhiteElo "2458"]
[BlackElo "2194"]
[PlyCount "63"]
[EventDate "2011.??.??"]
[WhiteTeam "Wood Green Hilsmark 1"]
[BlackTeam "e2e4.org.uk 1"]

1. e4 c5 2. Nf3 e6 3. d4 cxd4 4. Nxd4 a6 5. Bd3 Nc6 6. Nxc6 bxc6 7. O-O d5 8.
Nd2 Nf6 9. Re1 Be7 10. e5 Nd7 11. c3 Qc7 12. Nf3 c5 13. h4 Bb7 14. Bf4 a5 15.
Qd2 Ba6 16. Bc2 Rb8 17. b3 h6 18. h5 c4 19. Nd4 Nc5 20. bxc4 Bxc4 21. Re3 Ne4
22. Bxe4 dxe4 23. Rxe4 Ba3 24. Re3 Rb2 25. Qd1 Qd8 26. Rg3 a4 27. Bc1 Be2 28.
Bxb2 Bxd1 29. Bxa3 Bxh5 30. Rb1 Qc8 31. Nb5 Kd7 32. Rd3+ 1-0

[Event "4NCL"]
[Site "De Vere, Staverton Park, ENG"]
[Date "2011.03.26"]
[Round "7.15"]
[White "Almond, Richard J"]
[Black "Trent, Lawrence"]
[Result "0-1"]
[WhiteElo "2125"]
[BlackElo "2442"]
[PlyCount "122"]
[EventDate "2011.??.??"]
[WhiteTeam "e2e4.org.uk 1"]
[BlackTeam "Wood Green Hilsmark 1"]

1. d4 Nf6 2. c4 g6 3. Nc3 Bg7 4. e4 d6 5. Nf3 O-O $1 6. Be2 e5 7. O-O $1 Nbd7
8. Qc2 Nh5 9. Rd1 Nf4 10. Bf1 c5 11. d5 Nf6 12. a3 Bg4 13. Be2 Nxe2+ 14. Qxe2
Nh5 15. h3 Bd7 16. Bg5 f6 17. Be3 Nf4 18. Qd2 g5 19. b4 b6 20. bxc5 bxc5 21.
Rab1 f5 22. Rb7 Bc8 23. Rb3 Ba6 24. Bxf4 exf4 25. Qd3 g4 26. Nd2 Bc8 27. exf5
Bxf5 28. Nce4 gxh3 29. gxh3 Qh4 30. Qf3 Qh6 31. Kh2 Kh8 32. Rg1 Be5 33. Ng5 Bg6
34. Rb7 Bh5 35. Qe4 f3+ 36. Kh1 Bg6 37. Qg4 Rf4 38. Qe6 Rf6 39. Qg4 Raf8 40.
Nde4 Rf4 41. Qe6 Qh5 42. Nxd6 Bd4 43. Kh2 a5 44. Rc7 a4 45. Rc8 Bg7 46. Rxf8+
Rxf8 47. Qe7 h6 48. Nge4 Qe5+ 49. Qxe5 Bxe5+ 50. Kh1 Bh7 51. Rg4 Rf4 52. Rxf4
Bxf4 53. Nf7+ Kg7 54. Nxc5 Kxf7 55. Nxa4 Bc1 56. c5 Bxa3 57. c6 Bf5 58. Kh2
Bd6+ 59. Kh1 Bxh3 60. Nc3 Bf5 61. Nb5 Ke7 0-1

[Event "4NCL"]
[Site "De Vere, Staverton Park, ENG"]
[Date "2011.03.26"]
[Round "7.15"]
[White "Norinkeviciute, Rasa"]
[Black "Tiller, Bjorn"]
[Result "1/2-1/2"]
[WhiteElo "2025"]
[BlackElo "2393"]
[PlyCount "93"]
[EventDate "2011.??.??"]
[WhiteTeam "e2e4.org.uk 1"]
[BlackTeam "Wood Green Hilsmark 1"]

1. c4 f5 2. g3 Nf6 3. Bg2 e5 4. Nc3 d6 5. d3 g6 6. e4 Nc6 7. Nge2 Bg7 8. O-O
O-O 9. Nd5 Nh5 10. exf5 Bxf5 11. h3 Be6 12. Be3 Qd7 13. Kh2 Nd4 14. Ng1 c6 15.
Nc3 d5 16. cxd5 cxd5 17. Bxd4 exd4 18. Nce2 g5 19. Nf3 g4 20. Ng5 gxh3 21. Bf3
Bg4 22. Bxg4 Qxg4 23. Nxh3 Be5 24. f4 Bg7 25. Rg1 Rae8 26. Nc3 Qxd1 27. Nxd1
Re2+ 28. Rg2 Re1 29. Rc1 Nf6 30. Nhf2 h5 31. Rc7 Rf7 32. Rc8+ Kh7 33. Rg1 Re2
34. Kh3 Rfe7 35. g4 hxg4+ 36. Nxg4 Nh5 37. Rf1 Re1 38. Rxe1 Rxe1 39. Ndf2 Nxf4+
40. Kg3 Ne2+ 41. Kf3 Nc1 42. a3 Nb3 43. Rc7 b5 44. Rxa7 Rb1 45. Nf6+ Kg6 46.
Nxd5 Nd2+ 47. Kg4 1/2-1/2

[Event "4NCL"]
[Site "De Vere, Staverton Park, ENG"]
[Date "2011.03.26"]
[Round "7.16"]
[White "McNab, Colin A"]
[Black "Rendle, Thomas E"]
[Result "1/2-1/2"]
[WhiteElo "2454"]
[BlackElo "2397"]
[PlyCount "75"]
[EventDate "2011.??.??"]
[WhiteTeam "White Rose 1"]
[BlackTeam "Sambuca Sharks"]

1. c4 f5 2. g3 Nf6 3. Bg2 g6 4. Nc3 d6 5. d3 Bg7 6. e4 Nc6 7. Nge2 O-O $1 8.
O-O $1 fxe4 9. dxe4 a5 10. h3 Be6 11. b3 Nd7 12. Be3 a4 13. Rb1 axb3 14. axb3
Bf7 15. Qd2 Nb4 16. Nd5 Nxd5 17. exd5 Ra3 18. Bd4 Nf6 19. Rfe1 c5 20. dxc6 bxc6
21. Bxc6 e5 22. Be3 Be6 23. Bg2 Qd7 24. Red1 Rb8 25. Qxd6 Qxd6 26. Rxd6 Bxc4
27. Nc1 Bf7 28. Bg5 Ne8 29. Rc6 h6 30. Be3 Nf6 31. Bxh6 Bxh6 32. Rxf6 Kg7 33.
Rd6 Rb4 34. Nd3 Rd4 35. Rxd4 exd4 36. Nc5 Bd2 37. b4 Ba2 38. Rd1 1/2-1/2

[Event "4NCL"]
[Site "De Vere, Staverton Park, ENG"]
[Date "2011.03.26"]
[Round "7.16"]
[White "Palliser, Richard JD"]
[Black "Adair, James"]
[Result "1-0"]
[WhiteElo "2448"]
[BlackElo "2212"]
[PlyCount "77"]
[EventDate "2011.??.??"]
[WhiteTeam "White Rose 1"]
[BlackTeam "Sambuca Sharks"]

1. d4 Nf6 2. c4 e6 3. Nf3 b6 4. g3 Bb7 5. Bg2 Be7 6. Nc3 Ne4 7. Bd2 O-O 8. d5
f5 9. Qc2 Nxd2 10. Nxd2 e5 11. g4 Bb4 12. gxf5 Qg5 13. Be4 Na6 14. a3 Bxc3 15.
Qxc3 Nc5 16. Bc2 d6 17. Qg3 Qh6 18. Rg1 b5 19. b4 Nd7 20. cxb5 Bxd5 21. Ne4 Kh8
22. Qg5 Qxg5 23. Nxg5 Nf6 24. Rc1 Rae8 25. Bb1 Re7 26. f3 h6 27. Ne6 Bxe6 28.
fxe6 Nd5 29. Rc6 Nb6 30. Kd2 Rc8 31. Rgc1 g5 32. Kc3 Kg7 33. Kb3 Kf6 34. a4
Kxe6 35. a5 Nd5 36. Ra6 Rb8 37. Ka4 Rf7 38. Ba2 Rf4 39. e4 1-0

[Event "4NCL"]
[Site "De Vere, Staverton Park, ENG"]
[Date "2011.03.26"]
[Round "7.16"]
[White "Williams, Samuel G"]
[Black "Croad, Nicolas"]
[Result "0-1"]
[WhiteElo "2190"]
[BlackElo "2290"]
[PlyCount "94"]
[EventDate "2011.??.??"]
[WhiteTeam "Sambuca Sharks"]
[BlackTeam "White Rose 1"]

1. d4 Nf6 2. c4 e6 3. Nc3 Bb4 4. Qc2 b6 5. e4 Bxc3+ 6. bxc3 d6 7. Bd3 e5 8. Ne2
h6 9. O-O O-O 10. f4 Nc6 11. fxe5 dxe5 12. d5 Na5 13. Ba3 c5 14. dxc6 Re8 15.
c5 Be6 16. Rad1 Qc7 17. Ng3 Qxc6 18. Qe2 Bg4 19. Qb2 Bxd1 20. Bb5 Qc7 21. Bxe8
Nc4 22. Qb4 Nxa3 23. Rxd1 Nc2 24. cxb6 axb6 25. Qb3 Qc5+ 26. Kh1 Rxe8 27. Qxc2
Ng4 28. Rd2 Rc8 29. Nf1 Ne3 30. Qd3 Nxf1 31. Qxf1 Qxc3 32. Rd7 Qc4 33. Qe1 Qxe4
34. Qf1 Qc4 35. Qxc4 Rxc4 36. h3 Ra4 37. Re7 f6 38. Rb7 Ra6 39. Kh2 Kh7 40. h4
Kg6 41. h5+ Kh7 42. Kh3 Ra3+ 43. g3 Rxa2 44. Rxb6 f5 45. Re6 Re2 46. Re7 Kg8
47. g4 Re3+ 0-1